Puntos De Partida (Record no. 34161)

MARC details
000 -LEADER
fixed length control field 00423nam a2200193Ia 4500
020 ## - INTERNATIONAL STANDARD BOOK NUMBER
ISBN 0-07-035892-3
050 ## - CALL MARK
Classification number PC4129.E5P86
100 ## - STATEMENT OF RESPONSIBILITY--MAIN AUTHOR NAME
Personal name Knorre
245 #0 - TITLE STATEMENT
Title Puntos De Partida
250 ## - EDITION / VOLUME STATEMENT
Edition / Volume statement 4
260 ## - PUBLICATION, DISTRIBUTION, ETC. (IMPRINT)
Place of publication New York
260 ## - PUBLICATION, DISTRIBUTION, ETC. (IMPRINT)
Name of publisher Mcgraw Hill Inc
260 ## - PUBLICATION, DISTRIBUTION, ETC. (IMPRINT)
Year of publication 1993
300 ## - PHYSICAL DESCRIPTION
Number of Pages 553 p
650 ## - SUBJECT ADDED ENTRY--TOPICAL TERM
Topical Term Spanish Language
942 ## - ADDED ENTRY ELEMENTS (KOHA)
Koha item type Books
Holdings
Withdrawn status Lost status Source of classification or shelving scheme Damaged status Not for loan Permanent Location Current Location Date acquired Accession Number Price effective from Koha item type
    Library of Congress Classification     NILE UNIVERSITY OF NIGERIA - MAIN LIBRARY NILE UNIVERSITY OF NIGERIA - MAIN LIBRARY 04/23/2025 0005233 04/23/2025 Books